000 01646nam2a2200277 i 4500
001 RU\NLR\BIBL_A\010664450
005 20240921173606.0
010 _a9785928211004
_bч.2
_9500
021 _aRU
_b2014-89545
_95441
035 _a(NLR Aleph) 010664450
090 _a9580330
_c9580330
100 _a20150203d2014 k y0rusy50 ca
101 0 _arus
102 _aRU
105 _aa|||z|||001yy
200 1 _aХимия компонентов неорганических вяжущих веществ
_aХимия неорганических вяжущих веществ
210 _d2014
215 _a123 с.
_cил.
320 _aБиблиогр.: с. 120-123 (59 назв.)
461 0 _1001RU\NLR\BIBL_A\010681200
_12000#$aХимия в строительстве$fВ.Н. Вернигорова, К.Н. Махамбетова$gМ-во образования и науки Рос. Федерации, Федер. гос. бюджет. образоват. учреждение высш. проф. образования "Пенз. гос. ун-т архитектуры и стр-ва" (ПГУАС)$vЧ. 2
_1700#1$aВернигорова$bВ. Н.$gВера Никифоровна
_99647555
_aВернигорова, В. Н.
_cПенза
_d2014
_fВ.Н. Вернигорова, К.Н. Махамбетова
_nИзд-во ПГУАС
_tХимия в строительстве
_y9785928210915
_vЧ. 2
606 1 _aВяжущие строительные материалы неорганические
_xХимия
_92536032
_3RU\NLR\AUTH\661501810
686 1 _aЛ45
942 _cBOOK
980 _aNBR